Topographie des Königreichs Böhmen, darinn alle Städte, Flecken, Herrschaften, Schlösser, Landgüter, Edelsitze, Klöster, Dörfer, wie auch verfallene Schlösser und Städte unter den ehemaligen und jetzigen Benennungen samt ihren Merkwürdigkeiten beschrieben werden. Achter Theil, Berauner Kreis /
| Hlavní autor: | Schaller, Josef František Jaroslav, 1738-1809 |
|---|---|
| Další autoři: | <<z >>Vrtby, František Josef |
| Jazyk: | Němčina Latina Čeština |
| Vydáno: |
Prag ; In der von Schönfeldschen Handlung, 1788 |
| Témata: | |
| Externí odkaz: |
Digitalizovaný dokument (Exemplář z Bavorské národní knihovny)
|
| Fyzický popis: |
8 nečíslovaných stran, 223 stran, 3 nečíslované strany ; 8° |
| Language note: |
Text tištěn německy s latinskými a českými slovy |
| LEADER | 02907nam a2200601 i 4500 | ||
|---|---|---|---|
| 001 | mzk03001237083 | ||
| 003 | CZ BrMZK | ||
| 005 | 20171101091707.0 | ||
| 007 | ta | ||
| 008 | 170712s1788 xr a fr|||||00| ||gerod | ||
| 040 | |a BOA001 |b cze |e rda | ||
| 041 | 0 | |a ger |a lat |a cze | |
| 043 | |a e-xr--- |b e-xr-st | ||
| 044 | |a xr |a au | ||
| 072 | 7 | |a 913:94 |x Historická geografie |2 Konspekt |9 7 | |
| 072 | 7 | |a 094 |x Staré tisky |2 Konspekt |9 12 | |
| 080 | |a 913:94 |2 MRF | ||
| 080 | |a 911.2:528.42 |2 MRF | ||
| 080 | |a 91 |2 MRF | ||
| 080 | |a 025.171 |2 MRF | ||
| 080 | |a (437.312) |2 MRF | ||
| 080 | |a (0.068)094 |2 MRF | ||
| 100 | 1 | |a Schaller, Josef František Jaroslav, |d 1738-1809 |7 jk01110846 |4 aut | |
| 245 | 1 | 0 | |a Topographie des Königreichs Böhmen, darinn alle Städte, Flecken, Herrschaften, Schlösser, Landgüter, Edelsitze, Klöster, Dörfer, wie auch verfallene Schlösser und Städte unter den ehemaligen und jetzigen Benennungen samt ihren Merkwürdigkeiten beschrieben werden. |n Achter Theil, |p Berauner Kreis / |c Verfasset von Jaroslaus Schaller, a St. Josepho Priester des Ordens der frommen Schulen, Ehrenmitgliebe der königlichen preußischen Gesellschaft naturforschender Freunde in Berlin und Halle, und wirklichem Mitgliebe der gelehrten Gesellschaft in Jena |
| 246 | 3 | 0 | |a Berauner Kreis |
| 264 | 1 | |a Prag ; |a und Wien : |b In der von Schönfeldschen Handlung, |c 1788 | |
| 300 | |a 8 nečíslovaných stran, 223 stran, 3 nečíslované strany ; |c 8° | ||
| 336 | |a text |b txt |2 rdacontent | ||
| 337 | |a bez média |b n |2 rdamedia | ||
| 338 | |a svazek |b nc |2 rdacarrier | ||
| 500 | |a Rozsah: [8], 223, [3] s. | ||
| 500 | |a Výzdoba: Na titulním listu nad impresem mědirytina (veduta Berouna), iniciály, linky | ||
| 501 | |a Přívazek k 7. dílu téhož titulu | ||
| 546 | |a Text tištěn německy s latinskými a českými slovy | ||
| 510 | 4 | |a Knihopis, |c K15341 |u https://aleph.nkp.cz/F/?func=direct&doc_number=000018560&local_base=KPS | |
| 650 | 7 | |a historický místopis |7 ph137052 |2 czenas | |
| 650 | 7 | |a topografie |z Česko |7 ph126691 |2 czenas | |
| 650 | 7 | |a geografie |z Česko |7 ph114618 |2 czenas | |
| 650 | 7 | |a historické knihovní fondy |7 ph172933 |2 czenas | |
| 651 | 7 | |a Beroun (Česko : oblast) |7 ge134063 |2 czenas | |
| 655 | 7 | |a staré tisky |7 fd422076 |2 czenas | |
| 700 | 1 | |a <<z >>Vrtby, František Josef |4 dte | |
| 856 | 4 | 2 | |u http://reader.digitale-sammlungen.de/resolve/display/bsb11094709.html |y Digitalizovaný dokument |z Exemplář z Bavorské národní knihovny |
| 903 | |a RP | ||
| 910 | |a NAG950 |b B - XX. C. bb. 32,4,přív. | ||
| 978 | |b Schönfeld, Jan Nepomuk Ferdinand - dílna |a Praha |c 1788 | ||
| 978 | |b Schönfeld, Jan Nepomuk Ferdinand - dílna |a Wien |c 1788 | ||
| 984 | |a Praha |b Česko | ||
| 984 | |a Praha |b Česko | ||
| 985 | |a 1751-1800 | ||
| 990 | |a BK | ||
| 991 | |k broumov | ||
| 994 | |a UP |l MZK03 |b 001237082 |m přívazek |n záznam 1. díla (pro objednání pokračujte kliknutím) | ||
English
Čeština 